000 00843nam a2200253 i 4500
001 bg
100 1 _aKarwińska, Anna.
245 1 0 _aGospodarka przestrzenna :
_buwarunkowania społeczno-kulturowe /
_cAnna Karwińska.
260 _aWarszawa :
_bWydawnictwo Naukowe PWN,
_c2008.
300 _a258, [1] s. ;
_c24 cm.
504 _aBibliogr. s. 246-256. Indeks.
650 9 _aPlanowanie przestrzenne
_xsocjologia
_zPolska
_yod 1989 r.
650 9 _aPrzestrzeń
_xsocjologia
_zPolska
_yod 1989 r.
015 _aPB 23052/2008
020 _a9788301154455
040 _cBPK
041 _apol
044 _aPOL
080 _a316.334.3:316.334.5:711.2](438)"1989/..."
920 _a978-83-01-15445-5
942 _cKS
008 080827s2008 pl |001 0 pol
999 _c55386
_d55386
856 _uhttp://koha.tu.koszalin.pl/cgi-bin/koha/opac-detail.pl?biblionumber=55386
_yKatalog online BPK